Cases and materials on contract law and specific relief (Record no. 232081)
[ view plain ]
| 000 -LEADER | |
|---|---|
| fixed length control field | 00619nam a22002177a 4500 |
| 005 - DATE AND TIME OF LATEST TRANSACTION | |
| control field | 20251206123754.0 |
| 008 - FIXED-LENGTH DATA ELEMENTS--GENERAL INFORMATION | |
| fixed length control field | 241205b ||||| |||| 00| 0 eng d |
| 020 ## - INTERNATIONAL STANDARD BOOK NUMBER | |
| International Standard Book Number | 9789381082249 |
| 040 ## - CATALOGING SOURCE | |
| Transcribing agency | AL |
| 041 ## - LANGUAGE CODE | |
| Language code of text/sound track or separate title | English |
| 082 ## - DEWEY DECIMAL CLASSIFICATION NUMBER | |
| Edition number | 23 |
| Classification number | 346.022 |
| Item number | CHOC |
| 100 ## - MAIN ENTRY--PERSONAL NAME | |
| Personal name | D S Chopra |
| 100 ## - MAIN ENTRY--PERSONAL NAME | |
| 9 (RLIN) | 248155 |
| 245 ## - TITLE STATEMENT | |
| Title | Cases and materials on contract law and specific relief |
| 250 ## - EDITION STATEMENT | |
| Edition statement | 1. |
| 260 ## - PUBLICATION, DISTRIBUTION, ETC. | |
| Place of publication, distribution, etc. | New Delhi |
| Name of publisher, distributor, etc. | Thomson Reuters |
| Date of publication, distribution, etc. | 2012 |
| 300 ## - PHYSICAL DESCRIPTION | |
| Extent | xxxv,444 p, |
| Other physical details | HB |
| Dimensions | 22x14 cm. |
| 365 ## - TRADE PRICE | |
| Price type code | 1060 |
| Price amount | ₹547.50 |
| Currency code | ₹ |
| Unit of pricing | ₹750.00 |
| Price note | 27% |
| Price effective from | 28-11-2024 |
| 650 ## - SUBJECT ADDED ENTRY--TOPICAL TERM | |
| Topical term or geographic name entry element | Law |
| 9 (RLIN) | 187773 |
| 700 ## - ADDED ENTRY--PERSONAL NAME | |
| Personal name | CHOPRA (D S) |
| 9 (RLIN) | 187774 |
| 942 ## - ADDED ENTRY ELEMENTS (KOHA) | |
| Source of classification or shelving scheme | Dewey Decimal Classification |
| Koha item type | Book |
| Withdrawn status | Lost status | Damaged status | Not for loan | Collection code | Home library | Current library | Date acquired | Source of acquisition | Cost, normal purchase price | Total Checkouts | Full call number | Barcode | Date last seen | Date last checked out | Cost, replacement price | Price effective from | Koha item type | Source of classification or shelving scheme | Total Renewals | Date due |
|---|---|---|---|---|---|---|---|---|---|---|---|---|---|---|---|---|---|---|---|---|
| Law | St Aloysius Law Library | St Aloysius Law Library | 12/03/2024 | MPP House,Bengaluru | 547.50 | 2 | 346.022 CHOC | LL000296 | 12/06/2025 | 12/06/2025 | 750.00 | 12/05/2024 | Book | |||||||
| Law | St Aloysius Law Library | St Aloysius Law Library | 12/03/2024 | MPP House,Bengaluru | 547.50 | 3 | 346.022 CHOC | LL000297 | 11/28/2025 | 11/28/2025 | 750.00 | 12/05/2024 | Book | Dewey Decimal Classification | ||||||
| Law | St Aloysius Law Library | St Aloysius Law Library | 12/03/2024 | MPP House,Bengaluru | 547.50 | 3 | 346.022 CHOC | LL000298 | 01/21/2026 | 10/14/2025 | 750.00 | 12/05/2024 | Book | Dewey Decimal Classification | ||||||
| Law | St Aloysius Law Library | St Aloysius Law Library | 12/03/2024 | MPP House,Bengaluru | 547.50 | 2 | 346.022 CHOC | LL000299 | 03/07/2026 | 03/07/2026 | 750.00 | 12/05/2024 | Book | Dewey Decimal Classification | 1 | 03/31/2026 | ||||
| Law | St Aloysius Law Library | St Aloysius Law Library | 12/03/2024 | MPP House,Bengaluru | 547.50 | 346.022 CHOC | LL000300 | 12/05/2024 | 750.00 | 12/05/2024 | Book | Dewey Decimal Classification | ||||||||
| Law | St Aloysius Law Library | St Aloysius Law Library | 12/03/2024 | MPP House,Bengaluru | 547.50 | 346.022 CHOC | LL000301 | 12/05/2024 | 750.00 | 12/05/2024 | Book | Dewey Decimal Classification | ||||||||
| Law | St Aloysius Law Library | St Aloysius Law Library | 12/03/2024 | MPP House,Bengaluru | 547.50 | 346.022 CHOC | LL000302 | 12/05/2024 | 750.00 | 12/05/2024 | Book | Dewey Decimal Classification | ||||||||
| Law | St Aloysius Law Library | St Aloysius Law Library | 12/03/2024 | MPP House,Bengaluru | 547.50 | 5 | 346.022 CHOC | LL000303 | 12/08/2025 | 11/27/2025 | 750.00 | 12/05/2024 | Book | Dewey Decimal Classification | ||||||
| Law | St Aloysius Law Library | St Aloysius Law Library | 12/03/2024 | MPP House,Bengaluru | 547.50 | 1 | 346.022 CHOC | LL000304 | 12/08/2025 | 11/27/2025 | 750.00 | 12/05/2024 | Book | Dewey Decimal Classification | ||||||
| Law | St Aloysius Law Library | St Aloysius Law Library | 12/03/2024 | MPP House,Bengaluru | 547.50 | 346.022 CHOC | LL000305 | 12/05/2024 | 750.00 | 12/05/2024 | Book | Dewey Decimal Classification |